| 000 | 03873cam a22004937i 4500 | ||
|---|---|---|---|
| 001 | 18823829 | ||
| 003 | OSt | ||
| 005 | 20240221101452.0 | ||
| 008 | 151020t20152015gw a | bc 00| 0 eng d | ||
| 010 | _a 2015472223 | ||
| 020 | _a3791354434 (pbk.) | ||
| 020 | _a9783791354439 (pbk.) | ||
| 035 | _a(OCoLC)ocn905684192 | ||
| 040 |
_aYDXCP _beng _erda _cYDXCP _dNZWPM _dOCLCO _dBKL _dUAB _dOCLCF _dOCLCO _dDLC |
||
| 041 | 1 |
_aeng _hger |
|
| 042 | _alccopycat | ||
| 043 | _ae-gx--- | ||
| 050 | 0 | 0 |
_aNK7306 _b.A1813 2015 |
| 082 | 0 | 4 |
_a739.27074 _223 _bTWE |
| 130 | 0 |
_a25,000 Jahre Schmuck. _lEnglish. _9120967 |
|
| 245 | 0 | 0 |
_a25,000 years of jewelry : _bfrom the collections of the Staatliche Museen zu Berlin / _cedited for the Staatliche Museen zu Berlin by Maren Eichhorn-Johannsen and Adelheid Rasche ; in collaboration with Astrid Bähr and Svenia Schneider ; with photographs by Stefan Büchner ; translation from the German, Bram Opstelten. |
| 246 | 3 | _aTwenty-five thousand years of jewelry | |
| 246 | 3 | 0 | _aJewelry |
| 250 | _aNew edition. | ||
| 260 |
_aMunich: _aLondon: _aNew York: _bPrestel, _c2015. |
||
| 300 |
_a383 pages : _billustrations (chiefly color) ; _c31 cm |
||
| 500 | _aPublished for the Staatliche Museen zu Berlin. | ||
| 504 | _aIncludes bibliographical references (pages 382-383). | ||
| 505 | 0 | _aJewelry in ancient Egypt / Klaus Finneiser -- Jewelry sets from the late Bronze Age / Alix Hänsel -- Etruscan gold work / Gertrud Platz-Horster -- Woven jewelry : textile imitation of jewelry from late antiquity and the early Byzantine period / Cäcilia Fluck -- Notes on the value of "jewelry" in pre-Columbian America / Manuela Fischer -- Jewelry in the medieval Islamic world / Gisela Helmecke -- The royal Gnadenpfennig (1610) / Elke Bannicke -- Precious stones and valuable jewelry at Indian royal courts / Raffael Gadebusch -- Remarks on modern-era garment jewelry / Adelheid Rasche -- Egidius Verhelst's portrait of electress Elisabeth Auguste of Palatine-Sulzbach and Bavaria / Julia Sedda -- "What the war spared" : the jewelry collection of Aloys and Maria Lautenschläger at the Kunstgewerbemuseum / Christine Waidenschlager -- Historical jewelry of the Erzya and Moksha (Mordvins) in Russia / Elisabeth Tietmeyer -- Memorial, friendship, and mourning jewelry / Svenia Schneider -- Berlin iron jewelry : "gold I gave in return for iron" / Svenia Schneider -- Hair accessories in the collections of the Staatliche Museen zu Berlin / Maren Eichhorn-Johannsen -- Jewels from South- and Southeast Asia : the people of the Golden Triangle and the Naga of India / Roland Platz -- Sounds and scents : jewelry from the Middle Sepik region in Papua New Guinea / Markus Schindlbeck -- Adorned and protected : amulets and talismans as exemplified by children's garments among the Turkmen / Ingrid Pfluger-Schindlbeck -- A surrealist jewel : Salvador Dali's Portrait of Mrs. Isabel Styler-Tas (Melancolia) / Dieter Scholz -- A special look : the evolution of the jewelry collection of the Museum Europäischer Kulturen / Christine Binroth, Dagmar Neuland-Kitzerow. | |
| 610 | 2 | 0 |
_aStaatliche Museen zu Berlin--Preussischer Kulturbesitz _vCatalogs. _9120968 |
| 650 | 0 |
_aJewelry _zGermany _zBerlin _vCatalogs. _9120969 |
|
| 650 | 0 |
_aJewelry _xHistory _vCatalogs. _9120970 |
|
| 690 |
_2Jewelry. _910528 |
||
| 700 | 1 |
_aEichhorn, Maren, _eeditor. _9120971 |
|
| 700 | 1 |
_aRasche, Adelheid, _eeditor. _9120972 |
|
| 700 | 1 |
_aBähr, Astrid. _9120973 |
|
| 700 | 1 |
_aSchneider, Svenia. _9120974 |
|
| 700 | 1 |
_aOpstelten, Bram, _etranslator. _9120975 |
|
| 710 | 2 |
_aStaatliche Museen zu Berlin--Preussischer Kulturbesitz. _9120976 |
|
| 906 |
_a7 _bcbc _ccopycat _d2 _encip _f20 _gy-gencatlg |
||
| 942 |
_2ddc _cBK _aSADA _k739.27074 TWE 2015 |
||
| 999 |
_c607958 _d607958 |
||